000 00308nam a22001337a 4500
003 OSt
005 20231128155241.0
008 231128b |||||||| |||| 00| 0 eng d
040 _cCO-JMCR
082 _aN /
_bADLc
100 _aAdlington, Lucy,
_eautora
_943000
245 _aLa cinta roja /
942 _2ddc
_cBK
999 _c30417
_d16801